000 00793nam a22002417a 4500
001 12836
003 BD-JhCC
005 20230517193724.0
008 171014s2019 bg |||| ||a| 001 0 ben d
020 _a9879845982641
035 _a(BD-JhCC)12836
040 _aBD-JhCC
_dBD-JhCC
041 _abengali
082 _a891.4409
_bMOJ 2019
100 _aমজুমদার, শৈলজানঞ্জন
245 _aরচনা সমগ্র /
_cশৈলজানঞ্জন মজুমদার, সম্পা: মুহম্মদ আকবর।
260 _aঢাকা :
_bচারুলিপি;
_c২০১৯.
300 _a208 p. :
_c22 cm.
650 _aBengali Literature.
700 _a আকবর,মুহম্মদ
942 _2ddc
_cBK
999 _c12836
_d12836